000 01330nam a2200253 a 4500
001 BS0000212
003 BR-BrBNA
005 20230418191408.0
008 230308b |||||||| |||| 00| 0 por d
040 _aBR-BrBNA
_bpor
_cBiblioteca Nacional de Agricultura
041 _apor
072 _aS00
090 _aS00 BS0000212
100 1 _aKeller, L.A. de A.
245 1 _aSíndrome do pânico /
260 3 _aSão Paulo:
_bGlobo,
_c1995.
300 _a101 p.
520 3 _aVocê está em casa, calmo, ouvindo uma música, como faz todos os dias. De repente, alguma coisa estranha começa a acontecer. Você sente uma vontade inexplicável de fugir, a boca fica seca, o suor molha a roupa, o coração bate descompassado, mãos e pernas tremem sem parar. Os sintomas lembram um infarto. Alguns minutos se passam e o mal-estar desaparece sem deixar vestígio. Meses depois, a sensação se repete. E fica tão freqüente que a vida se transforma num inferno. Diagnóstico: Síndrome do Pânico. Neste livro, Gugu Keller conta como passou por essa experiência avassaladora e o que é possível fazer para se curar desse distúrbio que atinge hoje milhões de brasileiros.
650 _aMEDICINA E SAÚDE
650 _aSÍNDROME DO PÂNICO
650 _aPSIQUIATRIA
909 _a202304
_bSergio Santos
_c56
_dSergio Santos
942 _cBK
999 _c5275
_d5275